Normal view
MARC view
- تصنيف السقاف، حسن بن علي
Entry Personal Name
001 - CONTROL NUMBER
- control field: 41183
003 - CONTROL NUMBER IDENTIFIER
- control field: JO-AjAnu
005 - DATE AND TIME OF LATEST TRANSACTION
- control field: 20230606080837.0
008 - FIXED-LENGTH DATA ELEMENTS
- fixed length control field: 230606|| aca||aabn | a|a d
040 ## - CATALOGING SOURCE
- Original cataloging agency: JO-AjAnu
- Transcribing agency: JO-AjAnu
100 ## - HEADING--PERSONAL NAME
- Personal name: تصنيف السقاف، حسن بن علي
670 ## - SOURCE DATA FOUND
- Source citation: Work cat.: (JO-AjAnu)21106: تصنيف السقاف، حسن بن علي, author, مسألة الرؤية : رؤية الله تعالى في الدنيا والآخرة: تخريج أحاديث الرؤية